জঙ্গ নামা / (Record no. 40546)
[ view plain ]
| 000 -LEADER | |
|---|---|
| fixed length control field | 01570nam a2200289 a 4500 |
| 001 - CONTROL NUMBER | |
| control field | 40546 |
| 003 - CONTROL NUMBER IDENTIFIER | |
| rucl marc code | BD-RjUL |
| 005 - DATE AND TIME OF LATEST TRANSACTION | |
| control field | 20211209053234.0 |
| 008 - FIXED-LENGTH DATA ELEMENTS--GENERAL INFORMATION | |
| fixed length control field | 160502s2014 bg a|||| |||| 00| 0 ben d |
| 020 ## - INTERNATIONAL STANDARD BOOK NUMBER | |
| International Standard Book Number | 9789849078524 |
| Terms of availability | : Tk. 10,000.00 (set) |
| 035 ## - SYSTEM CONTROL NUMBER | |
| System control number | (BD-RjUL)40661 |
| 040 ## - CATALOGING SOURCE | |
| Original cataloging agency | BD-RjUL |
| Language of cataloging | ben |
| Transcribing agency | BD-RjUL |
| Modifying agency | BD-RjUL |
| 041 ## - LANGUAGE CODE | |
| Language code of text/sound track or separate title | ben |
| 082 ## - DEWEY DECIMAL CLASSIFICATION NUMBER | |
| Edition number | 23 |
| Classification number | 891.4412 |
| Author mark and year | ALJ 2014 |
| 100 ## - MAIN ENTRY--PERSONAL NAME | |
| Personal name | আলী, ওয়াহেদ |
| 9 (RLIN) | 124794 |
| 245 10 - TITLE STATEMENT | |
| Title | জঙ্গ নামা / |
| Statement of responsibility, etc. | ওয়াহেদ আলী ; সংগ্রহ, লিপ্যন্তর ও সম্পাদনা মো. আব্দুল মান্নান, মোস্তফা সেলিম |
| 260 ## - PUBLICATION, DISTRIBUTION, ETC. (IMPRINT) | |
| Place of publication, distribution, etc. | ঢাকা : |
| Name of publisher, distributor, etc. | উৎস প্রকাশন, |
| Date of publication, distribution, etc. | ২০১৪ |
| 300 ## - PHYSICAL DESCRIPTION | |
| Pagination | ৪৮৭, [১] পৃ : |
| Illustrations | চিত্র ; |
| Size | ২৫ সেমি. |
| 490 ## - SERIES STATEMENT | |
| Series statement | নাগরীলিপির গ্রন্থসম্ভার ; |
| Volume/sequential designation | ২২ |
| 500 ## - GENERAL NOTE | |
| General note | "২৫টি পুথির নাগরী গ্রন্থসম্ভার " |
| 650 ## - SUBJECT ADDED ENTRY--TOPICAL TERM | |
| Topical term or geographic name as entry element | Bengali poetry |
| 9 (RLIN) | 124657 |
| Topical term or geographic name as entry element | বাংলা পুথি |
| 9 (RLIN) | 124658 |
| 700 ## - ADDED ENTRY--PERSONAL NAME | |
| Personal name | মান্নান, মো. আব্দুল, সংগ্রাহক, লিপ্যন্তরকারী ও সম্পাদক |
| Personal name | সেলিম, মোস্তফা, সংগ্রাহক, লিপ্যন্তরকারী ও সম্পাদক |
| 830 ## - SERIES ADDED ENTRY--UNIFORM TITLE | |
| Uniform title | নাগরীলিপির গ্রন্থসম্ভার ; |
| Volume number/sequential designation | ২২ |
| 942 ## - ADDED ENTRY ELEMENTS (KOHA) | |
| Source of classification or shelving scheme | Dewey Decimal Classification |
| Koha item type | Books |
| Lost status | Source of classification or shelving scheme | Damaged status | Not for loan | Collection code | Permanent Location | Current Location | Shelving location | Date acquired | Source of acquisition | Cost, normal purchase price | Total Checkouts | Full call number | Date last seen | Copy number | Koha item type |
|---|---|---|---|---|---|---|---|---|---|---|---|---|---|---|---|
| Dewey Decimal Classification | Not For Loan | Non-fiction | Central Library, University of Rajshahi | Central Library, University of Rajshahi | Reading Room | 28/07/2015 | RUCL | 416.66 | B 891.4412 ALJ 2014 | 03/05/2016 | C-1 | Books |